000 00286nam a2200121 a 4500
005 20140414093834.0
008 030611s19uu xx 00 eng d
050 _aCD 004.5
_bMic 1996
245 _aEncarta 96 :
_bCDR-1889MS. 1.
650 _aCD-ROM.
942 _cAVM
999 _c108901
_d108901